[Event "Portugal Open 2020"]
[Site "Lisboa POR"]
[Date "2020.01.30"]
[Round "7.1"]
[White "MOTYLEV, Alexander"]
[Black "INDIC, Aleksandar"]
[Result "1/2-1/2"]
[BlackElo "2622"]
[WhiteElo "2640"]
[LiveChessVersion "1.4.8"]

1. e4 {[%clk 1:30:36]} c5 {[%clk 1:26:28]} 2. Nf3 {[%clk 1:30:58]} Nf6
{[%clk 1:26:31]} 3. e5 {[%clk 1:31:01]} Nd5 {[%clk 1:26:13]} 4. Nc3
{[%clk 1:31:25]} e6 {[%clk 1:26:17]} 5. Nxd5 {[%clk 1:30:37]} exd5
{[%clk 1:26:12]} 6. d4 {[%clk 1:31:02]} Nc6 {[%clk 1:26:21]} 7. Bd3
{[%clk 1:21:41]} d6 {[%clk 1:23:40]} 8. O-O {[%clk 1:18:32]} dxe5
{[%clk 1:15:08]} 9. Nxe5 {[%clk 1:15:48]} Nxe5 {[%clk 1:11:13]} 10. dxe5
{[%clk 1:05:46]} c4 {[%clk 1:10:30]} 11. Be2 {[%clk 1:05:55]} Bc5
{[%clk 1:10:52]} 12. b3 {[%clk 0:57:16]} Be6 {[%clk 1:08:54]} 13. Bf3
{[%clk 0:57:02]} cxb3 {[%clk 1:07:45]} 14. cxb3 {[%clk 0:46:14]} O-O
{[%clk 1:05:42]} 15. Qe2 {[%clk 0:40:47]} Qb6 {[%clk 1:04:24]} 16. Rd1
{[%clk 0:40:35]} Rfd8 {[%clk 1:04:22]} 17. Bb2 {[%clk 0:37:38]} a5
{[%clk 1:03:56]} 18. Bc3 {[%clk 0:30:03]} Rac8 {[%clk 0:49:57]} 19. Rac1
{[%clk 0:21:44]} Rc6 {[%clk 0:40:35]} 20. Bb2 {[%clk 0:17:52]} Be7
{[%clk 0:39:28]} 21. Qe3 {[%clk 0:07:56]} Qc7 {[%clk 0:37:14]} 22. g3
{[%clk 0:06:07]} h6 {[%clk 0:35:36]} 23. h4 {[%clk 0:05:19]} Qd7 {[%clk 0:32:10]}
24. Rxc6 {[%clk 0:00:42]} bxc6 {[%clk 0:30:24]} 25. Bd4 {[%clk 0:01:11]} Bb4
{[%clk 0:18:34]} 26. Bc5 {[%clk 0:01:18]} Rb8 {[%clk 0:18:12]} 27. Rc1
{[%clk 0:01:40]} Rb5 {[%clk 0:17:26]} 28. Bd4 {[%clk 0:01:57]} Ba3
{[%clk 0:17:30]} 29. Rd1 {[%clk 0:01:06]} c5 {[%clk 0:17:51]} 30. Bc3
{[%clk 0:01:23]} d4 {[%clk 0:17:05]} 31. Qe2 {[%clk 0:01:40]} a4 {[%clk 0:16:01]}
32. bxa4 {[%clk 0:02:02]} Rb8 {[%clk 0:16:26]} 33. a5 {[%clk 0:02:06]} Qa7
{[%clk 0:15:53]} 34. Be1 {[%clk 0:02:14]} c4 {[%clk 0:16:14]} 35. Qe4
{[%clk 0:02:32]} d3 {[%clk 0:13:10]} 36. h5 {[%clk 0:02:43]} Bc5 {[%clk 0:09:18]}
37. Bg4 {[%clk 0:02:01]} Qa6 {[%clk 0:05:57]} 38. Rc1 {[%clk 0:01:37]} Rb2
{[%clk 0:03:53]} 39. Bxe6 {[%clk 0:01:29]} Qxe6 {[%clk 0:04:21]} 40. Rxc4
{[%clk 0:01:04]} Re2 {[%clk 0:04:13]} 41. Qa8+ {[%clk 0:00:35]} Kh7
{[%clk 0:04:41]} 42. Rxc5 {[%clk 0:00:41]} Rxe1+ {[%clk 0:04:57]} 43. Kg2
{[%clk 0:00:53]} d2 {[%clk 0:01:16]} 44. Rc8 {[%clk 0:00:44]} Rg1+
{[%clk 0:00:47]} 45. Kh2 {[%clk 0:00:57]} Qxc8 {[%clk 0:00:34]} 46. Qxc8
{[%clk 0:01:19]} d1=Q {[%clk 0:01:00]} 47. Qf5+ {[%clk 0:01:39]} Kg8
{[%clk 0:01:25]} 48. Qc8+ {[%clk 0:02:05]} 1/2-1/2

[Event "Portugal Open 2020"]
[Site "Lisboa POR"]
[Date "2020.01.30"]
[Round "7.2"]
[White "TARI, Aryan"]
[Black "ASADLI, Vugar"]
[Result "1/2-1/2"]
[BlackElo "2538"]
[WhiteElo "2635"]
[LiveChessVersion "1.4.8"]

1. e4 {[%clk 1:29:59]} e6 {[%clk 1:30:42]} 2. d4 {[%clk 1:30:11]} d5
{[%clk 1:31:08]} 3. Nc3 {[%clk 1:30:38]} Bb4 {[%clk 1:31:33]} 4. e5
{[%clk 1:30:42]} c5 {[%clk 1:31:59]} 5. a3 {[%clk 1:30:54]} Bxc3+
{[%clk 1:32:21]} 6. bxc3 {[%clk 1:31:16]} Qa5 {[%clk 1:32:44]} 7. Bd2
{[%clk 1:31:14]} Qa4 {[%clk 1:33:08]} 8. Qb1 {[%clk 1:25:58]} c4 {[%clk 1:29:41]}
9. Ne2 {[%clk 1:26:06]} Nc6 {[%clk 1:26:29]} 10. Nf4 {[%clk 1:23:27]} Nge7
{[%clk 1:25:45]} 11. Nh5 {[%clk 1:19:02]} Rg8 {[%clk 1:26:05]} 12. g3
{[%clk 1:17:06]} Bd7 {[%clk 1:20:46]} 13. Bg2 {[%clk 1:13:17]} O-O-O
{[%clk 1:17:51]} 14. O-O {[%clk 1:13:39]} Rdf8 {[%clk 1:13:44]} 15. Re1
{[%clk 1:09:07]} Nf5 {[%clk 1:09:44]} 16. Qb2 {[%clk 0:56:20]} b6
{[%clk 1:08:18]} 17. Re2 {[%clk 0:53:02]} Kb7 {[%clk 1:04:17]} 18. Rf1
{[%clk 0:49:21]} Ka6 {[%clk 1:04:22]} 19. Rfe1 {[%clk 0:42:56]} Bc8
{[%clk 1:04:18]} 20. Bh3 {[%clk 0:42:32]} Bd7 {[%clk 1:00:15]} 21. Nf4
{[%clk 0:40:05]} Nfe7 {[%clk 0:59:59]} 22. g4 {[%clk 0:37:55]} Bc8
{[%clk 0:56:15]} 23. Kh1 {[%clk 0:35:25]} Bd7 {[%clk 0:53:16]} 24. Qc1
{[%clk 0:34:35]} Bc8 {[%clk 0:52:11]} 25. Rf1 {[%clk 0:33:15]} Bd7
{[%clk 0:49:18]} 26. f3 {[%clk 0:32:02]} Bc8 {[%clk 0:48:58]} 27. Be1
{[%clk 0:31:25]} Bd7 {[%clk 0:42:35]} 28. Bg3 {[%clk 0:31:28]} Qa5
{[%clk 0:39:03]} 29. Qd2 {[%clk 0:31:02]} g6 {[%clk 0:37:32]} 30. Ng2
{[%clk 0:28:11]} h6 {[%clk 0:37:09]} 31. Ne3 {[%clk 0:26:12]} Rh8
{[%clk 0:36:42]} 32. Bg2 {[%clk 0:25:16]} h5 {[%clk 0:35:50]} 33. Bf4
{[%clk 0:24:51]} f6 {[%clk 0:34:08]} 34. exf6 {[%clk 0:20:26]} Rxf6
{[%clk 0:34:34]} 35. Be5 {[%clk 0:19:13]} Nxe5 {[%clk 0:28:10]} 36. dxe5
{[%clk 0:19:42]} Rf4 {[%clk 0:26:23]} 37. Nf5 {[%clk 0:19:46]} Nxf5
{[%clk 0:26:39]} 38. Qxf4 {[%clk 0:18:20]} 1/2-1/2

[Event "Portugal Open 2020"]
[Site "Lisboa POR"]
[Date "2020.01.30"]
[Round "7.3"]
[White "PETROV, Nikita"]
[Black "GRIGORYAN, Karen H."]
[Result "1/2-1/2"]
[BlackElo "2632"]
[WhiteElo "2592"]
[LiveChessVersion "1.4.8"]

1. e4 {[%clk 1:30:32]} e5 {[%clk 1:30:51]} 2. Nf3 {[%clk 1:30:41]} Nc6
{[%clk 1:31:15]} 3. Bc4 {[%clk 1:30:17]} Nf6 {[%clk 1:31:13]} 4. d3
{[%clk 1:30:06]} Bc5 {[%clk 1:31:18]} 5. c3 {[%clk 1:29:33]} d6 {[%clk 1:28:16]}
6. Nbd2 {[%clk 1:27:41]} O-O {[%clk 1:26:10]} 7. Nf1 {[%clk 1:24:42]} h6
{[%clk 1:16:54]} 8. Ng3 {[%clk 1:22:31]} a5 {[%clk 1:15:43]} 9. O-O
{[%clk 1:20:03]} Ba7 {[%clk 1:10:13]} 10. h3 {[%clk 1:13:20]} Be6
{[%clk 1:09:29]} 11. Bb5 {[%clk 1:11:54]} Ne7 {[%clk 1:09:01]} 12. d4
{[%clk 1:10:01]} Ng6 {[%clk 1:09:11]} 13. Re1 {[%clk 1:08:52]} c6
{[%clk 1:09:06]} 14. Bd3 {[%clk 1:07:39]} Qc7 {[%clk 1:07:52]} 15. Be3
{[%clk 1:05:48]} Rfe8 {[%clk 1:07:52]} 16. a4 {[%clk 0:57:15]} Bb6
{[%clk 1:04:51]} 17. Qc2 {[%clk 0:55:32]} Rad8 {[%clk 1:04:26]} 18. Rad1
{[%clk 0:55:07]} Bc8 {[%clk 0:59:36]} 19. Qb3 {[%clk 0:46:15]} Be6
{[%clk 0:55:25]} 20. Qc2 {[%clk 0:33:39]} Bc8 {[%clk 0:55:25]} 21. Qb3
{[%clk 0:28:10]} Be6 {[%clk 0:55:27]} 1/2-1/2

[Event "Portugal Open 2020"]
[Site "Lisboa POR"]
[Date "2020.01.30"]
[Round "7.4"]
[White "ALEKSEEV, Evgeny"]
[Black "HALDORSEN, Benjamin"]
[Result "1/2-1/2"]
[BlackElo "2463"]
[WhiteElo "2623"]
[LiveChessVersion "1.4.8"]

1. e4 {[%clk 1:27:48]} c5 {[%clk 1:30:37]} 2. Nf3 {[%clk 1:28:02]} Nc6
{[%clk 1:30:47]} 3. Bb5 {[%clk 1:26:25]} e6 {[%clk 1:30:41]} 4. O-O
{[%clk 1:23:03]} Nge7 {[%clk 1:29:58]} 5. Re1 {[%clk 1:22:43]} a6
{[%clk 1:30:06]} 6. Bf1 {[%clk 1:22:07]} b6 {[%clk 1:30:31]} 7. b3
{[%clk 0:57:23]} d5 {[%clk 1:27:37]} 8. exd5 {[%clk 0:55:59]} Nxd5
{[%clk 1:27:44]} 9. Bb2 {[%clk 0:56:23]} Nf6 {[%clk 1:25:44]} 10. Na3
{[%clk 0:49:51]} Be7 {[%clk 1:20:22]} 11. Nc4 {[%clk 0:50:07]} O-O
{[%clk 1:19:01]} 12. g3 {[%clk 0:48:13]} Bb7 {[%clk 1:17:32]} 13. Bg2
{[%clk 0:48:38]} b5 {[%clk 1:04:16]} 14. Nfe5 {[%clk 0:44:50]} Nxe5
{[%clk 0:52:21]} 15. Bxb7 {[%clk 0:41:34]} Nxc4 {[%clk 0:52:05]} 16. bxc4
{[%clk 0:41:55]} Ra7 {[%clk 0:52:23]} 17. Bg2 {[%clk 0:30:01]} Rd7
{[%clk 0:48:52]} 18. cxb5 {[%clk 0:21:02]} axb5 {[%clk 0:37:03]} 19. d3
{[%clk 0:18:30]} Nd5 {[%clk 0:35:46]} 20. a4 {[%clk 0:17:15]} bxa4
{[%clk 0:29:43]} 21. Rxa4 {[%clk 0:16:21]} Bf6 {[%clk 0:28:30]} 22. Bxf6
{[%clk 0:16:13]} Qxf6 {[%clk 0:28:58]} 23. Rc4 {[%clk 0:16:21]} Rc8
{[%clk 0:28:07]} 24. Qb1 {[%clk 0:15:49]} g6 {[%clk 0:27:39]} 25. Qb5
{[%clk 0:14:36]} Rdc7 {[%clk 0:27:02]} 26. d4 {[%clk 0:09:43]} Qd8
{[%clk 0:18:08]} 27. Rxc5 {[%clk 0:06:50]} Rxc5 {[%clk 0:15:29]} 28. dxc5
{[%clk 0:07:19]} Qf8 {[%clk 0:15:12]} 29. c6 {[%clk 0:06:16]} Qb4
{[%clk 0:13:43]} 30. Qxb4 {[%clk 0:05:53]} Nxb4 {[%clk 0:14:12]} 31. Re4
{[%clk 0:05:21]} Nxc6 {[%clk 0:14:33]} 32. Rc4 {[%clk 0:05:48]} Ne7
{[%clk 0:14:57]} 33. Rxc8+ {[%clk 0:06:16]} Nxc8 {[%clk 0:15:24]} 34. c4
{[%clk 0:06:31]} Nd6 {[%clk 0:10:33]} 35. c5 {[%clk 0:06:38]} Nb5
{[%clk 0:10:44]} 36. Kf1 {[%clk 0:05:51]} Nd4 {[%clk 0:06:17]} 37. c6
{[%clk 0:05:07]} Nb5 {[%clk 0:06:44]} 38. Ke2 {[%clk 0:05:32]} Kf8
{[%clk 0:07:10]} 39. Kd3 {[%clk 0:05:57]} Ke7 {[%clk 0:07:32]} 40. Kc4
{[%clk 0:06:21]} Nc7 {[%clk 0:06:43]} 41. Kc5 {[%clk 0:06:41]} g5
{[%clk 0:05:39]} 42. Bf1 {[%clk 0:05:03]} h6 {[%clk 0:05:24]} 43. Bc4
{[%clk 0:04:51]} Ne8 {[%clk 0:05:12]} 44. Bd3 {[%clk 0:03:16]} Nc7
{[%clk 0:05:36]} 45. Bc2 {[%clk 0:02:49]} Ne8 {[%clk 0:05:55]} 46. Kb6
{[%clk 0:02:28]} Kd6 {[%clk 0:05:51]} 47. Kb7 {[%clk 0:02:23]} Nc7
{[%clk 0:05:12]} 48. Bd3 {[%clk 0:02:10]} f5 {[%clk 0:04:16]} 49. f3
{[%clk 0:00:42]} Ne8 {[%clk 0:04:12]} 50. h3 {[%clk 0:00:40]} Nc7
{[%clk 0:04:37]} 51. g4 {[%clk 0:00:59]} f4 {[%clk 0:04:10]} 52. Bg6
{[%clk 0:00:52]} Nd5 {[%clk 0:03:19]} 53. Be4 {[%clk 0:01:02]} Nc7
{[%clk 0:03:34]} 54. Bd3 {[%clk 0:00:39]} Nd5 {[%clk 0:03:56]} 55. Be4
{[%clk 0:00:46]} Nc7 {[%clk 0:04:25]} 56. Bd3 {[%clk 0:00:42]} Ke5 1/2-1/2

[Event "Portugal Open 2020"]
[Site "Lisboa POR"]
[Date "2020.01.30"]
[Round "7.5"]
[White "GHAMARIAN, Tigran"]
[Black "TEN HERTOG, Hugo"]
[Result "1/2-1/2"]
[BlackElo "2503"]
[WhiteElo "2603"]
[LiveChessVersion "1.4.8"]

1. e4 {[%clk 1:30:57]} g6 {[%clk 1:30:56]} 2. d4 {[%clk 1:31:20]} Bg7
{[%clk 1:31:22]} 3. Nf3 {[%clk 1:31:41]} d6 {[%clk 1:31:48]} 4. Bc4
{[%clk 1:32:04]} Nf6 {[%clk 1:31:45]} 5. Qe2 {[%clk 1:32:19]} Nc6 6. e5
{[%clk 1:32:42]} dxe5 {[%clk 1:32:22]} 7. dxe5 {[%clk 1:33:08]} Ng4
{[%clk 1:32:50]} 8. Bb5 {[%clk 1:33:30]} Bd7 {[%clk 1:32:31]} 9. Bf4
{[%clk 1:33:32]} a6 {[%clk 1:25:51]} 10. Ba4 {[%clk 1:33:43]} Nd4
{[%clk 1:05:36]} 11. Nxd4 {[%clk 1:33:55]} Bxa4 {[%clk 1:06:03]} 12. Nb3
{[%clk 1:33:58]} Bxb3 {[%clk 0:44:19]} 13. axb3 {[%clk 1:33:38]} Qd7
{[%clk 0:42:47]} 14. h3 {[%clk 1:32:42]} Nh6 {[%clk 0:40:13]} 15. O-O
{[%clk 1:32:04]} Nf5 {[%clk 0:37:39]} 16. Nc3 {[%clk 1:24:26]} Nd4
{[%clk 0:24:28]} 17. Qe4 {[%clk 1:19:35]} Nc6 {[%clk 0:24:12]} 18. Rfe1
{[%clk 0:48:26]} Qe6 {[%clk 0:14:58]} 19. Rad1 {[%clk 0:40:12]} O-O
{[%clk 0:13:59]} 20. Nd5 {[%clk 0:36:35]} Rac8 {[%clk 0:14:21]} 21. Bg3
{[%clk 0:31:13]} Rfd8 {[%clk 0:10:57]} 22. c3 {[%clk 0:31:13]} Qf5
{[%clk 0:07:46]} 23. Qc4 {[%clk 0:22:57]} Qe6 {[%clk 0:07:44]} 24. f4
{[%clk 0:20:11]} Kf8 {[%clk 0:04:27]} 25. Bh4 {[%clk 0:20:22]} Rd7
{[%clk 0:04:18]} 26. Qe4 {[%clk 0:13:20]} Rcd8 {[%clk 0:04:19]} 27. c4
{[%clk 0:12:15]} Nb4 {[%clk 0:03:49]} 28. Bxe7+ {[%clk 0:10:21]} Rxe7
{[%clk 0:04:15]} 29. Nxb4 {[%clk 0:10:47]} Qb6+ {[%clk 0:04:25]} 30. c5
{[%clk 0:10:52]} Qxc5+ {[%clk 0:04:52]} 31. Kh2 {[%clk 0:11:02]} Red7
{[%clk 0:04:59]} 32. Rxd7 {[%clk 0:10:40]} Rxd7 {[%clk 0:05:26]} 33. Qxb7
{[%clk 0:11:05]} Bh6 {[%clk 0:05:19]} 34. Qc8+ {[%clk 0:10:23]} Ke7
{[%clk 0:05:39]} 35. Re4 {[%clk 0:10:44]} Rd8 {[%clk 0:01:09]} 36. Qg4
{[%clk 0:09:57]} Ke8 {[%clk 0:00:34]} 37. Qh4 {[%clk 0:09:48]} Rd1
{[%clk 0:00:55]} 38. Qg4 {[%clk 0:08:49]} Qg1+ {[%clk 0:00:52]} 39. Kg3
{[%clk 0:09:19]} Bf8 {[%clk 0:00:31]} 40. Nc6 {[%clk 0:07:33]} Rd7
{[%clk 0:00:42]} 41. Qe2 {[%clk 0:07:19]} Bc5 {[%clk 0:00:39]} 42. e6
{[%clk 0:07:20]} Rd3+ {[%clk 0:00:37]} 43. Qxd3 {[%clk 0:07:32]} Qf2+
{[%clk 0:01:03]} 44. Kh2 {[%clk 0:07:31]} Qg1+ {[%clk 0:01:30]} 45. Kg3
{[%clk 0:07:59]} Qf2+ {[%clk 0:01:58]} 46. Kh2 {[%clk 0:07:35]} Qg1+ 1/2-1/2

[Event "Portugal Open 2020"]
[Site "Lisboa POR"]
[Date "2020.01.30"]
[Round "7.6"]
[White "CAMPORA, Daniel"]
[Black "ITURRIZAGA, Eduardo"]
[Result "0-1"]
[BlackElo "2597"]
[WhiteElo "2420"]
[LiveChessVersion "1.4.8"]

1. e4 {[%clk 1:30:57]} c5 {[%clk 1:30:20]} 2. Nf3 {[%clk 1:31:18]} e6
{[%clk 1:30:45]} 3. d4 {[%clk 1:31:29]} cxd4 {[%clk 1:31:09]} 4. Nxd4
{[%clk 1:31:54]} Nc6 {[%clk 1:31:23]} 5. Nc3 {[%clk 1:28:09]} Qc7
{[%clk 1:31:47]} 6. g3 {[%clk 1:27:38]} a6 {[%clk 1:31:45]} 7. Bg2
{[%clk 1:27:59]} h5 {[%clk 1:30:41]} 8. O-O {[%clk 1:23:46]} h4 {[%clk 1:31:05]}
9. Re1 {[%clk 1:23:07]} hxg3 {[%clk 1:25:00]} 10. hxg3 {[%clk 1:23:31]} Ne5
{[%clk 1:24:26]} 11. a4 {[%clk 1:18:07]} Bc5 {[%clk 1:21:07]} 12. Nb3
{[%clk 1:11:36]} Ba7 {[%clk 1:12:39]} 13. Be3 {[%clk 1:10:35]} Bxe3
{[%clk 1:12:13]} 14. Rxe3 {[%clk 1:11:00]} Nf6 {[%clk 1:12:22]} 15. Qd4
{[%clk 1:10:41]} d6 {[%clk 1:07:51]} 16. a5 {[%clk 1:04:12]} Nc4 {[%clk 1:03:02]}
17. Ree1 {[%clk 1:03:59]} Bd7 {[%clk 0:58:10]} 18. Nd2 {[%clk 0:55:25]} Nxa5
{[%clk 0:49:36]} 19. Qb4 {[%clk 0:40:44]} Nc6 {[%clk 0:42:31]} 20. Nb5
{[%clk 0:40:36]} axb5 {[%clk 0:42:16]} 21. Rxa8+ {[%clk 0:41:01]} Ke7
{[%clk 0:42:42]} 22. Qa3 {[%clk 0:41:14]} b4 {[%clk 0:42:50]} 23. Qa1
{[%clk 0:38:17]} Rxa8 {[%clk 0:43:09]} 24. Qxa8 {[%clk 0:38:39]} Ne5
{[%clk 0:43:37]} 25. Qa1 {[%clk 0:22:17]} Nfg4 {[%clk 0:39:46]} 26. Bh3
{[%clk 0:15:29]} Qc5 {[%clk 0:25:18]} 27. Bxg4 {[%clk 0:14:13]} Nxg4
{[%clk 0:24:54]} 28. Rf1 {[%clk 0:11:15]} Bb5 {[%clk 0:24:32]} 29. Qd1
{[%clk 0:10:19]} Qh5 {[%clk 0:17:49]} 30. Kg2 {[%clk 0:10:33]} Bxf1+
{[%clk 0:15:17]} 31. Nxf1 {[%clk 0:10:53]} Qh1+ {[%clk 0:15:38]} 32. Kxh1
{[%clk 0:09:44]} Nxf2+ {[%clk 0:16:03]} 33. Kg2 {[%clk 0:10:12]} Nxd1
{[%clk 0:16:26]} 34. b3 {[%clk 0:10:38]} e5 {[%clk 0:14:15]} 35. Kf3
{[%clk 0:10:55]} Ke6 {[%clk 0:14:41]} 36. Ke2 {[%clk 0:07:14]} Nc3+
{[%clk 0:15:07]} 37. Kd3 {[%clk 0:07:41]} b5 {[%clk 0:15:34]} 0-1

[Event "Portugal Open 2020"]
[Site "Lisboa POR"]
[Date "2020.01.30"]
[Round "7.7"]
[White "SPRAGGETT, Kevin"]
[Black "GOLUCH, Piotr"]
[Result "0-1"]
[BlackElo "2413"]
[WhiteElo "2501"]
[LiveChessVersion "1.4.8"]

1. d4 {[%clk 1:29:26]} Nf6 {[%clk 1:30:53]} 2. c4 {[%clk 1:29:45]} e6
{[%clk 1:31:17]} 3. Nf3 {[%clk 1:30:09]} b6 {[%clk 1:31:42]} 4. Bf4
{[%clk 1:29:17]} Bb7 {[%clk 1:27:01]} 5. e3 {[%clk 1:29:22]} d5 {[%clk 1:26:25]}
6. Nc3 {[%clk 1:29:33]} Bd6 {[%clk 1:20:50]} 7. Bg3 {[%clk 1:28:17]} O-O
{[%clk 1:19:56]} 8. Rc1 {[%clk 1:28:14]} Nbd7 {[%clk 1:14:00]} 9. cxd5
{[%clk 1:24:23]} Nxd5 {[%clk 1:14:16]} 10. Bd3 {[%clk 1:24:35]} N7f6
{[%clk 1:11:55]} 11. Nxd5 {[%clk 1:17:53]} Nxd5 {[%clk 1:07:48]} 12. O-O
{[%clk 1:17:22]} f5 {[%clk 1:04:44]} 13. Qe2 {[%clk 1:11:56]} Qe8
{[%clk 0:57:00]} 14. Bb5 {[%clk 1:04:53]} Qh5 {[%clk 0:53:33]} 15. Bxd6
{[%clk 1:02:38]} cxd6 {[%clk 0:53:56]} 16. Bc6 {[%clk 1:02:53]} Bxc6
{[%clk 0:44:13]} 17. Rxc6 {[%clk 0:59:49]} Rfd8 {[%clk 0:40:08]} 18. Rfc1
{[%clk 0:48:12]} h6 {[%clk 0:40:31]} 19. a3 {[%clk 0:48:30]} a6 {[%clk 0:40:56]}
20. g3 {[%clk 0:48:37]} Qg4 {[%clk 0:26:22]} 21. Kg2 {[%clk 0:46:50]} Qe4
{[%clk 0:22:21]} 22. Qc2 {[%clk 0:42:15]} Qxc2 {[%clk 0:22:47]} 23. R1xc2
{[%clk 0:42:40]} b5 {[%clk 0:20:43]} 24. Rc1 {[%clk 0:39:34]} Kf7
{[%clk 0:20:04]} 25. Nd2 {[%clk 0:39:28]} Ne7 {[%clk 0:17:03]} 26. Rb6
{[%clk 0:39:08]} Rd7 {[%clk 0:15:24]} 27. e4 {[%clk 0:33:15]} Nc8
{[%clk 0:15:18]} 28. Rbc6 {[%clk 0:33:39]} Ne7 {[%clk 0:15:45]} 29. R6c2
{[%clk 0:33:38]} fxe4 {[%clk 0:15:20]} 30. Nxe4 {[%clk 0:34:06]} Raa7
{[%clk 0:15:33]} 31. f4 {[%clk 0:28:07]} Nf5 {[%clk 0:13:36]} 32. Rd2
{[%clk 0:28:26]} Rdc7 {[%clk 0:11:34]} 33. Re1 {[%clk 0:24:15]} d5
{[%clk 0:11:32]} 34. Nc5 {[%clk 0:23:52]} Nxd4 {[%clk 0:08:26]} 35. b4
{[%clk 0:24:16]} Rxc5 {[%clk 0:08:54]} 36. bxc5 {[%clk 0:24:39]} Nb3
{[%clk 0:09:11]} 37. Rc2 {[%clk 0:23:53]} Kf6 {[%clk 0:07:03]} 38. a4
{[%clk 0:16:49]} Nd4 {[%clk 0:04:34]} 39. Rd2 {[%clk 0:16:15]} Nb3
{[%clk 0:03:38]} 40. Ra2 {[%clk 0:14:12]} bxa4 {[%clk 0:02:16]} 41. Rxa4
{[%clk 0:13:47]} Nxc5 {[%clk 0:02:41]} 42. Ra5 {[%clk 0:11:02]} Ne4
{[%clk 0:03:05]} 43. Rc1 {[%clk 0:10:45]} Rb7 {[%clk 0:02:19]} 44. Rc2
{[%clk 0:11:08]} Rb6 {[%clk 0:02:26]} 45. Rca2 {[%clk 0:10:39]} g5
{[%clk 0:02:37]} 46. Rxa6 {[%clk 0:10:42]} Rb3 {[%clk 0:02:45]} 47. R6a3
{[%clk 0:10:01]} Rb4 {[%clk 0:02:56]} 48. Rf3 {[%clk 0:08:57]} g4
{[%clk 0:02:06]} 49. Re3 {[%clk 0:08:55]} Kf5 {[%clk 0:02:16]} 50. Ree2
{[%clk 0:08:37]} Kf6 {[%clk 0:01:03]} 51. Ra6 {[%clk 0:08:21]} h5
{[%clk 0:01:25]} 52. Ra8 {[%clk 0:08:34]} Rb6 {[%clk 0:01:47]} 53. Rh8
{[%clk 0:08:18]} Kg6 {[%clk 0:02:07]} 54. Rd8 {[%clk 0:08:05]} Rb1
{[%clk 0:01:51]} 55. Rc2 {[%clk 0:08:08]} Nf6 {[%clk 0:01:46]} 56. Rd6
{[%clk 0:08:03]} Kf5 {[%clk 0:02:10]} 57. Ra6 {[%clk 0:06:34]} h4
{[%clk 0:02:18]} 58. Re2 {[%clk 0:05:14]} h3+ {[%clk 0:01:39]} 59. Kf2
{[%clk 0:05:42]} Ne4+ {[%clk 0:02:03]} 60. Ke3 {[%clk 0:05:24]} Rb3+
{[%clk 0:02:29]} 61. Kd4 {[%clk 0:05:48]} Rb4+ {[%clk 0:02:57]} 62. Ke3
{[%clk 0:06:03]} d4+ {[%clk 0:03:18]} 63. Kd3 0-1

[Event "Portugal Open 2020"]
[Site "Lisboa POR"]
[Date "2020.01.30"]
[Round "7.8"]
[White "ALSHAMEARY PUENTE, Ismael"]
[Black "ARIZMENDI MARTINEZ, Julen Luis"]
[Result "0-1"]
[BlackElo "2505"]
[WhiteElo "2385"]
[LiveChessVersion "1.4.8"]

1. d4 {[%clk 1:28:41]} Nf6 {[%clk 1:27:10]} 2. c4 {[%clk 1:29:00]} c5
{[%clk 1:26:28]} 3. d5 {[%clk 1:28:56]} g6 {[%clk 1:26:33]} 4. Nc3
{[%clk 1:28:57]} Bg7 {[%clk 1:26:33]} 5. e4 {[%clk 1:28:36]} d6 {[%clk 1:25:32]}
6. Nge2 {[%clk 1:22:27]} O-O {[%clk 1:17:52]} 7. Ng3 {[%clk 1:22:22]} e6
{[%clk 1:17:38]} 8. Be2 {[%clk 1:22:47]} h5 {[%clk 1:14:05]} 9. Bg5
{[%clk 1:14:56]} Qb6 {[%clk 1:04:16]} 10. Rb1 {[%clk 0:37:00]} Nh7
{[%clk 0:44:54]} 11. Be3 {[%clk 0:36:24]} h4 {[%clk 0:44:18]} 12. Nf1
{[%clk 0:36:24]} exd5 {[%clk 0:42:43]} 13. Nxd5 {[%clk 0:35:00]} Qd8
{[%clk 0:42:27]} 14. Nd2 {[%clk 0:34:26]} Nc6 {[%clk 0:38:37]} 15. h3
{[%clk 0:28:52]} f5 {[%clk 0:33:20]} 16. Bd3 {[%clk 0:25:51]} Ne5
{[%clk 0:22:53]} 17. Be2 {[%clk 0:25:13]} f4 {[%clk 0:07:57]} 18. Nxf4
{[%clk 0:16:02]} Qg5 {[%clk 0:08:24]} 19. Nf3 {[%clk 0:16:16]} Nxf3+
{[%clk 0:08:35]} 20. Bxf3 {[%clk 0:16:23]} Rxf4 {[%clk 0:08:40]} 21. Qxd6
{[%clk 0:15:25]} Be5 {[%clk 0:08:34]} 22. Qd5+ {[%clk 0:10:58]} Kg7
{[%clk 0:08:45]} 23. Qxc5 {[%clk 0:08:58]} Be6 {[%clk 0:07:44]} 24. Qb5
{[%clk 0:08:42]} Rc8 {[%clk 0:04:26]} 25. Rc1 {[%clk 0:05:13]} Qf6
{[%clk 0:03:56]} 26. Bxf4 {[%clk 0:04:45]} Qxf4 {[%clk 0:04:18]} 27. Ke2
{[%clk 0:04:20]} Rc7 {[%clk 0:03:29]} 28. b3 {[%clk 0:03:19]} Ng5
{[%clk 0:03:35]} 29. Rhd1 {[%clk 0:03:13]} Rf7 {[%clk 0:01:44]} 30. Rd3
{[%clk 0:03:20]} Bxh3 {[%clk 0:01:20]} 31. Qc5 {[%clk 0:01:46]} Nxf3
{[%clk 0:01:02]} 32. gxf3 {[%clk 0:00:56]} Bg2 {[%clk 0:01:19]} 33. Qe3
{[%clk 0:00:33]} h3 {[%clk 0:01:16]} 0-1